[Event "III  Wielkopolska  Liga  Seniorow   2013/2014"]
[Site "Wielkopolska "]
[Date "1899-12-30"]
[Round "1.31"]
[White "Swiatek, Bartosz"]
[Black "Niedbala, Wojciech"]
[Result "0-1"]
[WhiteTitle "I+"]
[BlackTitle "I"]
[WhiteElo "2066"]
[BlackElo "1803"]

1. e4 c5 2. Nf3 d6 3. d4 cxd4 4. Nxd4 Nf6 5. Nc3 a6 6. Be2 e5 7. Nb3 Be7 8. O-O
Be6 9. f4 O-O 10. a4 Nc6 11. Kh1 b6 12. f5 Bc8 13. Bg5 Bb7 14. Qd2 Nb8 15. Bxf6
Bxf6 16. Rad1 Be7 17. Bc4 Nd7 18. Bd5 Bg5 19. Qe2 Bxd5 20. Nxd5 Nf6 21. Rf3 Nxd5
22. Rxd5 Qd7 23. Rg3 Bf4 24. Rgd3 Qxa4 25. Rxd6 b5 26. f6 g6 27. g3 Bh6 28. Nc5
Qa1+ 29. Qd1 Qxb2 30. Rb3 Qa2 31. Nd3 Rfd8 32. Nb4 Rxd6 33. Qxd6 Qa1+ 34. Kg2
Qe1 35. Qd3 a5 36. Nc6 a4 37. Rxb5 a3 38. Ra5 Re8 39. Rxa3 Bf8 40. Ra2 Bc5 41.
c4 Qg1+ 42. Kh3 h5 43. Ne7+ Kh7 44. Nd5 g5 45. Qe2 Kg6 46. Ra6 g4+ 47. Kh4 Qc1
48. Ne7+ Bxe7 49. fxe7+ f6 50. Rxf6+ Kxf6 51. Qf2+ Kg7 52. Qf5 Qh6 53. Qxe5+ Qf6+
54. Qxf6+ Kxf6 55. Kxh5 Rxe7 56. Kxg4 Rxe4+ 57. Kh5 Rxc4 58. g4 Rc5+ 59. Kh6 Rg5
60. h3 Rg8 61. Kh7 Kf7 62. Kh6 Rh8+ 63. Kg5 Rxh3 64. Kf5 Ra3 65. g5 Ra5+ 66. Kf4
Kg6 0-1

[Event "III  Wielkopolska  Liga  Seniorow   2013/2014"]
[Site "Wielkopolska "]
[Date "1899-12-30"]
[Round "1.32"]
[White "Jarmuzek, Karolina"]
[Black "Kaluzny, Lukasz"]
[Result "0-1"]
[WhiteTitle "I+"]
[BlackTitle "I+"]
[WhiteElo "1685"]
[BlackElo "1979"]

1. e4 c5 2. Nf3 Nc6 3. d4 cxd4 4. Nxd4 e5 5. Nb5 a6 6. Nd6+ Bxd6 7. Qxd6 Qf6 8.
Qd1 Qg6 9. Nc3 Nf6 10. f3 O-O 11. Be3 b5 12. Qd2 b4 13. Ne2 d5 14. exd5 Rd8 15.
d6 Ne8 16. Ng3 Rxd6 17. Bd3 f5 18. Bc5 Rd8 19. O-O a5 20. Qe1 Be6 21. Rd1 h5 22.
h4 Rd5 23. Bf2 Rad8 24. Qe2 Nd4 25. Bxd4 exd4 26. Nxh5 Qxh5 27. Qxe6+ Kh8 28.
Bc4 Nc7 29. Qe1 R5d6 30. Qg3 Nd5 31. Bxd5 Rxd5 32. Rfe1 Qf7 33. Qf2 R5d6 34. Re5
Qxa2 35. Rxf5 a4 36. Qg3 Qxb2 37. Rf7 d3 38. cxd3 Qd4+ 39. Kh2 R6d7 40. Rxd7 Rxd7
41. Qg5 Rd5 42. Qg6 Qe5+ 43. Kg1 a3 44. d4 Qe3+ 45. Kf1 a2 46. Qf7 Qxd4 47. Rxd4
a1=Q+ 48. Ke2 Qxd4 49. h5 Re5+ 50. Kf1 Qd1+ 0-1

[Event "III  Wielkopolska  Liga  Seniorow   2013/2014"]
[Site "Wielkopolska "]
[Date "1899-12-30"]
[Round "1.33"]
[White "Kaluzny, Wlodzimierz"]
[Black "Wojciechowski, Antoni"]
[Result "1-0"]
[WhiteTitle "k"]
[BlackTitle "II+"]
[WhiteElo "1928"]
[BlackElo "1520"]

1. d4 Nf6 2. Nf3 g6 3. Bf4 Bg7 4. e3 O-O 5. h3 d6 6. Bc4 c5 7. c3 Nbd7 8. O-O a6
9. a4 Qa5 10. Nbd2 Nb6 11. Nb3 Nxc4 12. Nxa5 Nxa5 13. Nd2 cxd4 14. exd4 Be6 15.
Re1 Nh5 16. Bh2 Bh6 17. Nf1 Nc4 18. b3 Nb6 19. c4 Bg7 20. Ra2 d5 21. c5 Nd7 22.
b4 Rfc8 23. Rc2 Nhf6 24. Ne3 Ne4 25. f3 Nef6 26. Qd3 Ne8 27. Rd1 Nc7 28. Qb3 Bh6
29. g4 Kf8 30. f4 f6 31. h4 Bg7 32. f5 Bf7 33. Qd3 Kg8 34. Ng2 g5 35. Re1 e6 36.
hxg5 fxg5 37. b5 exf5 38. gxf5 axb5 39. axb5 Ra4 40. Be5 Nf6 41. c6 b6 42. Ne3
h6 43. Ree2 Ra7 44. Ra2 Rca8 45. Rxa7 Rxa7 46. Qb3 Nfe8 47. Rf2 Bf6 48. Ng4 Kg7
49. Nxf6 Nxf6 50. Qb4 Nce8 51. Rc2 Ra1+ 52. Kg2 Ra8 53. c7 Rc8 54. Rc6 Kg8 55.
Bxf6 Nxf6 56. Rxf6 Rxc7 57. Rxb6 1-0

[Event "III  Wielkopolska  Liga  Seniorow   2013/2014"]
[Site "Wielkopolska "]
[Date "1899-12-30"]
[Round "1.34"]
[White "Strozyk, Aleksandra"]
[Black "Chojnacki, Tomasz"]
[Result "0-1"]
[WhiteTitle "II+"]
[BlackTitle "I+"]
[WhiteElo "1392"]
[BlackElo "1919"]

1. e4 c6 2. d4 d5 3. exd5 cxd5 4. c4 Nf6 5. Nc3 e6 6. Nf3 Be7 7. Bf4 O-O 8. Bd3
dxc4 9. Bxc4 Nbd7 10. O-O Nb6 11. Bd3 Nbd5 12. Be5 Bd7 13. Rc1 Bc6 14. Re1 Rc8
15. Ng5 h6 16. Nge4 Nxc3 17. Nxf6+ Bxf6 18. Rxc3 Bxe5 19. Rxe5 Qd6 20. Qg4 Rfd8
21. Rc4 b5 22. Rcc5 a6 23. b3 Qxd4 24. Qxd4 Rxd4 25. Be2 Rdd8 26. h3 Bd5 27. Rxc8
Rxc8 28. Bd3 Rc1+ 29. Kh2 Rd1 30. Re3 Rd2 31. f3 Rxa2 32. Be4 Bxe4 33. Rxe4 Rb2
34. b4 Kf8 35. Rd4 Ke7 36. Kg3 g6 37. h4 h5 38. Kh3 e5 39. Re4 Ke6 40. f4 f6 41.
fxe5 fxe5 42. Re3 Rxb4 43. Rg3 Kf6 44. Rd3 a5 45. Rd6+ Kf5 46. g3 a4 47. Rd8 a3
48. Ra8 Ra4 49. Rf8+ Ke6 50. Rf1 a2 51. Ra1 b4 0-1

[Event "III  Wielkopolska  Liga  Seniorow   2013/2014"]
[Site "Wielkopolska "]
[Date "1899-12-30"]
[Round "1.35"]
[White "Kaluzny, Tomasz"]
[Black "Koperska, Nina"]
[Result "1-0"]
[WhiteTitle "I"]
[BlackTitle "II"]
[WhiteElo "1778"]
[BlackElo "1355"]

1. c4 c5 2. Nf3 Nf6 3. d4 cxd4 4. Nxd4 g6 5. g3 Bg7 6. Bg2 Qb6 7. O-O Nc6 8. Nxc6
bxc6 9. Nc3 O-O 10. Qc2 Rb8 11. b3 c5 12. Bb2 Bb7 13. Bxb7 Qxb7 14. Rad1 d6 15.
Nd5 Nxd5 16. Rxd5 Bxb2 17. Qxb2 a5 18. Rb1 a4 19. e4 axb3 20. axb3 f6 21. Qc2
Qa6 22. f4 Rb6 23. e5 fxe5 24. fxe5 Rd8 25. Rf1 Qb7 26. Qf2 Rxb3 27. Qf7+ Kh8
28. exd6 Qb8 29. dxe7 Rg8 30. Qf6+ 1-0

[Event "III  Wielkopolska  Liga  Seniorow   2013/2014"]
[Site "Wielkopolska "]
[Date "1899-12-30"]
[Round "1.36"]
[White "Choremska, Zuzanna"]
[Black "Cholewa, Maria"]
[Result "0-1"]
[WhiteTitle "II+"]
[BlackTitle "I++"]
[WhiteElo "1307"]
[BlackElo "1861"]

1. e4 e5 2. Nf3 Nc6 3. Bc4 Bc5 4. c3 Nf6 5. d4 exd4 6. cxd4 Bb4+ 7. Bd2 Bxd2+ 8.
Nbxd2 d5 9. exd5 Nxd5 10. Qb3 Nce7 11. O-O O-O 12. Rfe1 Nb6 13. Rac1 Nxc4 14.
Nxc4 c6 15. Nce5 Nd5 16. Qd3 Qf6 17. Qe4 h6 18. Ng4 Qd6 19. Ne3 Nf6 20. Qe5 Qd8
21. Rcd1 Re8 22. Qc5 Be6 23. b3 Qb8 24. Qe5 Qc8 25. Nc4 Bxc4 26. Qxe8+ Nxe8 27.
bxc4 Qc7 28. d5 c5 0-1

[Event "III  Wielkopolska  Liga  Seniorow   2013/2014"]
[Site "Wielkopolska "]
[Date "1899-12-30"]
[Round "2.1"]
[White "Niedbala, Wojciech"]
[Black "Mocny, Tomasz"]
[Result "1-0"]
[WhiteTitle "I"]
[BlackTitle "I"]
[WhiteElo "1803"]
[BlackElo "1920"]

1. e4 Nf6 2. e5 Nd5 3. d4 d6 4. Nf3 Bg4 5. Be2 Nc6 6. O-O e6 7. Re1 Be7 8. exd6
Qxd6 9. Na3 Nf4 10. Bxf4 Qxf4 11. Nc4 O-O 12. c3 Rad8 13. g3 Qf6 14. Ncd2 Rfe8
15. Qb3 Na5 16. Qa4 Nc6 17. Kg2 Qf5 18. Bb5 Rd6 19. Ne5 Rb8 20. Nxg4 Qxg4 21.
Nc4 h5 22. Nxd6 Bxd6 23. Qd1 Qg5 24. Be2 h4 25. Qc1 Qg6 26. Qe3 Ne7 27. Bd3 Qh5
28. Be4 c6 29. Rad1 Rd8 30. f4 Bc7 31. Rd2 a6 32. Rf2 Rd7 33. Qe2 Qh6 34. Bd3
Nd5 35. Qg4 hxg3 36. hxg3 Kf8 37. Qf3 g6 38. Rh1 Qg7 39. Re2 Qf6 40. a3 Ke7 41.
Rh7 Kf8 42. Qg4 Ne7 43. Qh4 Qxh4 44. Rxh4 Kg7 45. Be4 Kf6 46. Re1 b6 47. Rh2 Rd8
48. Reh1 c5 49. dxc5 bxc5 50. Kf3 Rb8 51. g4 e5 52. f5 gxf5 53. Rh6+ Kg7 54. gxf5
Ng8 55. Rh7+ Kf6 56. Rg1 Ne7 57. Rh6+ Ng6 58. fxg6 Rxb2 59. g7+ 1-0

[Event "III  Wielkopolska  Liga  Seniorow   2013/2014"]
[Site "Wielkopolska "]
[Date "1899-12-30"]
[Round "2.2"]
[White "Pilzak, Marcin"]
[Black "Jarmuzek, Karolina"]
[Result "1/2-1/2"]
[WhiteTitle "I"]
[BlackTitle "I+"]
[WhiteElo "1823"]
[BlackElo "1685"]

1. e4 c5 2. Nf3 Nc6 3. d4 cxd4 4. Nxd4 Nf6 5. Nc3 d6 6. Bg5 e6 7. Qd2 a6 8. O-O-O
Nxd4 9. Qxd4 Be7 10. f4 O-O 11. Bxf6 Bxf6 12. Qxd6 Qa5 13. e5 Rd8 14. Qa3 Qxa3
15. Rxd8+ Bxd8 16. bxa3 Bd7 17. Bd3 Be7 18. Rd1 Bc6 19. Be4 Bxa3+ 20. Kb1 h6 21.
Rd3 Rc8 22. Bxc6 Rxc6 23. Ne4 Bf8 24. g3 b5 25. Rd7 Bc5 26. Nxc5 Rxc5 27. Ra7
Rc6 28. Kb2 g5 29. Kb3 gxf4 30. gxf4 Kg7 31. c3 Kg6 32. h4 h5 33. a3 Kg7 34. Kc2
Kg6 35. Kb3 Kg7 1/2-1/2

[Event "III  Wielkopolska  Liga  Seniorow   2013/2014"]
[Site "Wielkopolska "]
[Date "1899-12-30"]
[Round "2.3"]
[White "Wojciechowski, Antoni"]
[Black "Fularz, Maciej"]
[Result "0-1"]
[WhiteTitle "II+"]
[BlackTitle "I"]
[WhiteElo "1520"]
[BlackElo "2007"]

1. d4 d5 2. c4 c6 3. Nf3 Nf6 4. e3 e6 5. Nc3 Nbd7 6. Bd3 dxc4 7. Bxc4 b5 8. Bb3
b4 9. Ne2 Bd6 10. O-O O-O 11. a3 bxa3 12. bxa3 Ba6 13. Qc2 c5 14. Bc4 Bxc4 15.
Qxc4 Rb8 16. Rd1 Qe7 17. a4 cxd4 18. Nexd4 Nb6 19. Qd3 Rfc8 20. Bd2 Nc4 21. Bc3
a6 22. Rab1 Qc7 23. Rxb8 Rxb8 24. Rb1 Rxb1+ 25. Qxb1 Nxe3 26. fxe3 Qxc3 27. Qc2
Qxc2 28. Nxc2 Bc5 29. h3 Nd5 30. Kf2 Nb6 31. Ne5 Nxa4 32. Nc4 Nb6 33. Na5 Nd5
34. Ke2 Kf8 35. Kd3 Nb4+ 36. Nxb4 Bxb4 37. Nc6 a5 38. Nxb4 axb4 39. Kc4 Ke7 40.
Kxb4 Kd6 41. Kc4 Ke5 42. Kd3 Kd5 43. g3 f5 44. g4 fxg4 45. hxg4 g6 46. e4+ Ke5
47. Ke3 h6 48. Kf3 Kd4 49. Kf4 e5+ 50. Kf3 Kd3 0-1

[Event "III  Wielkopolska  Liga  Seniorow   2013/2014"]
[Site "Wielkopolska "]
[Date "1899-12-30"]
[Round "2.5"]
[White "Stochnialek, Dominika"]
[Black "Szymkowiak, Damian"]
[Result "0-1"]
[WhiteTitle "II"]
[BlackTitle "II"]
[WhiteElo "1347"]
[BlackElo "1619"]

1. e4 c5 2. Nc3 Nc6 3. f4 e6 4. Nf3 d5 5. d3 d4 6. Ne2 Nf6 7. c3 g6 8. Qa4 dxc3
9. Nxc3 Bd7 10. Qc2 Bg7 11. h3 Nd4 12. Qf2 Bc6 13. Be2 Nxf3+ 14. Qxf3 Qa5 15.
Bd2 c4 16. O-O cxd3 17. Bxd3 O-O 18. Qf2 Rfd8 19. Bc2 Rd7 20. f5 exf5 21. exf5
Re8 22. Bg5 Ne4 23. Nxe4 Bxe4 24. fxg6 hxg6 25. Bb3 Qxg5 26. Bxf7+ Kh7 27. Bxe8
Bd4 28. Bxd7 Qxg2# 0-1

[Event "III  Wielkopolska  Liga  Seniorow   2013/2014"]
[Site "Wielkopolska "]
[Date "1899-12-30"]
[Round "2.6"]
[White "Glapa, Anna"]
[Black "Choremska, Zuzanna"]
[Result "1-0"]
[WhiteTitle "I++"]
[BlackTitle "II+"]
[WhiteElo "1678"]
[BlackElo "1307"]

1. e4 e5 2. Nf3 Nc6 3. Bb5 a6 4. Ba4 Nf6 5. d4 Bd6 6. Bxc6 dxc6 7. dxe5 Bb4+ 8.
c3 Qxd1+ 9. Kxd1 Nxe4 10. Be3 Bc5 11. Nd4 f6 12. f3 fxe5 13. fxe4 exd4 14. Bxd4
Bg4+ 15. Kc2 Bxd4 16. cxd4 O-O-O 17. Kc3 Rd7 18. Nd2 Rhd8 19. Nb3 b6 20. h3 Be6
21. Rhd1 Bxb3 22. axb3 a5 23. Rd3 c5 24. d5 Re8 25. Re1 Red8 26. Red1 Re8 27.
Re1 Red8 28. Rg3 Re8 29. Rge3 Rd6 30. Kc4 c6 31. dxc6 Kc7 32. Rd3 Kxc6 33. Rxd6+
Kxd6 34. Kb5 Kc7 35. Rf1 Re7 36. e5 h6 37. e6 h5 38. Rf7 Kd6 39. Rxe7 Kxe7 40.
Kxb6 Kxe6 41. Kxc5 g5 42. Kb5 Kf5 43. Kxa5 Kf4 44. b4 Kg3 45. b5 Kxg2 46. b6 Kxh3
47. b7 g4 48. b8=Q g3 49. Qc8+ Kh4 50. Qc4+ Kh3 51. Qe6+ 1-0

[Event "III  Wielkopolska  Liga  Seniorow   2013/2014"]
[Site "Wielkopolska "]
[Date "1899-12-30"]
[Round "2.7"]
[White "Staniszewski, Pawel"]
[Black "Kozlowski, Tomasz"]
[Result "1/2-1/2"]
[WhiteTitle "k"]
[BlackTitle "I++"]
[WhiteElo "2151"]
[BlackElo "1932"]

1. d4 d6 2. Nf3 Nf6 3. c4 c6 4. Nc3 Qc7 5. e4 Bg4 6. Be2 e5 7. d5 Nbd7 8. O-O Be7
9. Ne1 Bxe2 10. Qxe2 cxd5 11. cxd5 O-O 12. Be3 a6 13. Nd3 Rac8 14. Rfc1 Qb8 15.
f3 Bd8 16. a4 Bb6 17. a5 Bxe3+ 18. Qxe3 Nc5 1/2-1/2

[Event "III  Wielkopolska  Liga  Seniorow   2013/2014"]
[Site "Wielkopolska "]
[Date "1899-12-30"]
[Round "2.8"]
[White "Joachimiak, Roman"]
[Black "Swiatek, Bartosz"]
[Result "1-0"]
[WhiteTitle "I"]
[BlackTitle "I+"]
[WhiteElo "2038"]
[BlackElo "2066"]

1. e4 c5 2. g3 Nc6 3. Bg2 g6 4. Ne2 Bg7 5. c3 c4 6. O-O Rb8 7. b3 b5 8. bxc4 bxc4
9. Qa4 Qa5 10. Qxa5 Nxa5 11. Na3 d6 12. Nf4 Nf6 13. Re1 e5 14. Nd5 Nxd5 15. exd5
O-O 16. Nc2 Bf5 17. Nb4 Rb6 18. Ba3 Bh6 19. Rad1 Bg4 20. f3 Bd7 21. Re2 f5 22.
Bf1 Ba4 23. Rc1 Nb7 24. Rf2 e4 25. f4 Rc8 26. Be2 Be8 27. Nc2 Bf7 28. Ne3 Ra6
29. Rb1 Nc5 30. Bxc5 Rxc5 31. Bxc4 Rb6 32. Rff1 Be8 33. Rb3 Bb5 34. Bxb5 Rcxb5
35. Rfb1 Rxb3 36. axb3 Bf8 37. b4 Ra6 38. Kf2 Kf7 39. Ke2 Be7 40. Nc4 Ke8 41.
Na5 Bd8 42. Ra1 Kd7 43. d3 Bf6 44. Ra3 exd3+ 45. Kxd3 Kc7 46. c4 Rb6 47. Nc6 a6
48. Ra2 Kc8 49. Re2 Kd7 50. Re6 Bd8 51. Re2 Bf6 52. Kc2 Kc7 53. Kb3 Rxc6 54. dxc6
Kxc6 55. Re6 Bd8 56. c5 Bc7 57. cxd6 Bxd6 58. Kc4 Kd7 59. Re2 Kc6 60. Re8 Bc7
61. Re7 Bb6 62. Rxh7 Bg1 63. Rh6 Kb7 64. h3 1-0

[Event "III  Wielkopolska  Liga  Seniorow   2013/2014"]
[Site "Wielkopolska "]
[Date "1899-12-30"]
[Round "2.9"]
[White "Kaluzny, Lukasz"]
[Black "Tomczak, Michal"]
[Result "0-1"]
[WhiteTitle "I+"]
[BlackTitle "I+"]
[WhiteElo "1979"]
[BlackElo "2010"]

1. d4 c5 2. c3 d5 3. Nf3 Bf5 4. e3 c4 5. Be2 Nc6 6. O-O Nf6 7. Nbd2 e6 8. Nh4 Bg6
9. Nxg6 hxg6 10. f4 Qc7 11. b3 cxb3 12. axb3 Bd6 13. Ba3 a6 14. Bxd6 Qxd6 15.
c4 Ne7 16. c5 Qb8 17. b4 Nf5 18. Qa4+ Ke7 19. Qb3 g5 20. Qd3 gxf4 21. exf4 g5
22. b5 gxf4 23. bxa6 Rxa6 24. Rxa6 bxa6 25. Rb1 Qc7 26. Qxa6 Rb8 27. Qd3 Rxb1+
28. Nxb1 Qa5 29. Nc3 Ne4 30. Nd1 Qe1+ 31. Bf1 Nd2 32. Qe2 Qxe2 33. Bxe2 Nxd4 34.
Ba6 N2b3 35. c6 Nxc6 36. Nc3 d4 37. Ne2 e5 38. Kf2 Nc5 39. Bb5 Kd6 40. h4 Ne6
41. g3 fxg3+ 42. Nxg3 Ne7 43. Ne4+ Kd5 44. Nf6+ Kc5 45. Be8 Nd8 46. h5 Kd6 47.
h6 Ng6 48. Ng4 Ke7 49. Ba4 f5 50. Nh2 Nf7 51. h7 Ng5 52. Nf3 Nxh7 53. Ke2 Kf6
54. Bc6 Ng5 55. Nd2 Nf4+ 56. Kf2 Nd3+ 57. Ke2 e4 58. Bd7 Ne5 59. Bb5 f4 60. Nf1
f3+ 61. Kf2 Kf5 62. Ng3+ Kg4 63. Nf1 Kf4 64. Ba6 e3+ 65. Ke1 d3 66. Bb7 0-1

[Event "III  Wielkopolska  Liga  Seniorow   2013/2014"]
[Site "Wielkopolska "]
[Date "1899-12-30"]
[Round "2.10"]
[White "Kaczmarek, Piotr"]
[Black "Chojnacki, Tomasz"]
[Result "1/2-1/2"]
[WhiteTitle "I+"]
[BlackTitle "I+"]
[WhiteElo "1878"]
[BlackElo "1919"]

1. e4 c6 2. d4 d5 3. f3 dxe4 4. fxe4 e5 5. Nf3 exd4 6. Bc4 Qa5+ 7. c3 Bg4 8. O-O
Bh5 9. cxd4 Nd7 10. Bd2 Bb4 11. Qb3 Bxd2 12. Nfxd2 Ngf6 13. e5 Nd5 14. Nc3 N7b6
15. Nde4 O-O 16. Nd6 Nxc4 17. Nxc4 Qd8 18. Rae1 Bg6 19. Nd6 Nxc3 20. bxc3 b6 21.
a4 Qc7 22. Re3 Rad8 23. Ref3 Rd7 24. Rf4 Re7 25. h3 c5 26. R1f3 Bh5 27. g4 Bg6
28. h4 h5 29. g5 cxd4 30. cxd4 Qc1+ 31. Rf1 Qc2 32. Qxc2 Bxc2 33. Ra1 Bb3 34.
Ra3 Bd5 35. Rc3 g6 36. Rf1 Rd8 37. Rfc1 Kg7 38. Rc7 Red7 39. Kf2 Be6 40. Ke3 Kg8
41. R1c3 Kf8 42. Rc1 Kg8 1/2-1/2

[Event "III  Wielkopolska  Liga  Seniorow   2013/2014"]
[Site "Wielkopolska "]
[Date "1899-12-30"]
[Round "2.11"]
[White "Kaluzny, Tomasz"]
[Black "Simon, Marek"]
[Result "0-1"]
[WhiteTitle "I"]
[BlackTitle "I"]
[WhiteElo "1778"]
[BlackElo "1805"]

1. c4 c6 2. Nc3 d5 3. cxd5 cxd5 4. d4 Nc6 5. Nf3 Nf6 6. e3 e6 7. Be2 Bd6 8. O-O
O-O 9. b3 a6 10. Bb2 b5 11. a3 Bb7 12. Na2 Rc8 13. Nc1 Na5 14. Nd3 Qe7 15. b4
Nc4 16. Qb3 Ne4 17. Rfd1 Rc7 18. Nc5 f5 19. Bd3 g5 20. Qc2 g4 21. Ne1 Qh4 22.
g3 Qh6 23. Bc1 Bc8 24. Ng2 Ng5 25. Be2 Nf3+ 26. Bxf3 gxf3 27. Ne1 Qh5 28. Rd3
Rf6 29. Qd1 e5 30. Nxf3 e4 31. Nh4 Qg5 32. Rc3 Rh6 33. f4 exf3 34. Nxf3 Qh5 35.
Qf1 Rg7 36. Ra2 Rhg6 37. Ne5 Nxe5 38. dxe5 Bxe5 39. Rcc2 Bxg3 40. hxg3 Rxg3+ 41.
Rg2 f4 42. Rxg3 Rxg3+ 43. Rg2 Bh3 44. Rxg3+ fxg3 45. Qe1 Qf3 46. Nd3 Qg2# 0-1

[Event "III  Wielkopolska  Liga  Seniorow   2013/2014"]
[Site "Wielkopolska "]
[Date "1899-12-30"]
[Round "2.12"]
[White "Kozlowska, Marzena"]
[Black "Cholewa, Maria"]
[Result "0-1"]
[WhiteTitle "k"]
[BlackTitle "I++"]
[WhiteElo "1915"]
[BlackElo "1861"]

1. e4 e5 2. Nc3 Nf6 3. f4 d5 4. fxe5 Nxe4 5. Nf3 Bg4 6. Qe2 Nxc3 7. dxc3 c6 8.
Be3 Nd7 9. O-O-O Bc5 10. h3 Bh5 11. g4 Bg6 12. Bg2 Qa5 13. Kb1 O-O-O 14. Bf4 Nb6
15. Nd4 Nc4 16. Nb3 Qb6 17. h4 Be3 18. Bg3 h5 19. gxh5 Bxh5 20. Bf3 Bxf3 21. Qxf3
Rd7 22. Bf4 Bxf4 23. Qxf4 Re8 24. Rde1 Qb5 25. Qd4 Kb8 26. Rhg1 g6 27. Rg5 Rde7
28. Qc5 Nd2+ 0-1

[Event "III  Wielkopolska  Liga  Seniorow   2013/2014"]
[Site "Wielkopolska "]
[Date "1899-12-30"]
[Round "2.13"]
[White "Nadstoga, Wojciech"]
[Black "Nowak, Rafal"]
[Result "0-1"]
[WhiteTitle "I+"]
[BlackTitle "I++"]
[WhiteElo "2020"]
[BlackElo "2039"]

1. Nf3 c5 2. g3 Nc6 3. Bg2 Nf6 4. d3 d6 5. O-O e6 6. a3 Be7 7. c3 O-O 8. b4 a6
9. e4 e5 10. Qe2 Re8 11. Nbd2 Qc7 12. Bb2 Bf8 13. Ng5 h6 14. Nh3 Bg4 15. f3 Bxh3
16. Bxh3 cxb4 17. axb4 a5 18. bxa5 Rxa5 19. Nc4 Rxa1 20. Rxa1 d5 21. Ne3 Bc5 22.
Kh1 Bxe3 23. Qxe3 d4 24. cxd4 Qb6 25. Qd2 Nxd4 26. Bxd4 Qxd4 27. Rb1 Ra8 28. Bf1
Ra1 29. Rxa1 Qxa1 30. Kg2 Qd4 31. Qc2 Qd7 32. Qb2 Qc7 33. d4 exd4 34. Qxd4 Nd7
35. Bc4 Ne5 36. Bb3 h5 37. h3 h4 38. f4 Ng6 39. e5 hxg3 40. Kxg3 Qe7 41. Kf3 Qh4
42. Bc2 Qxh3+ 43. Ke2 Qh2+ 44. Kd1 Qxf4 45. Qd8+ Nf8 46. Qe7 g6 47. Bb3 Qg4+ 48.
Kc2 Qf5+ 49. Kb2 Ne6 50. Qd6 g5 51. Bxe6 fxe6 52. Qb8+ Kg7 53. Qxb7+ Kg6 54. Qb8
Qf2+ 55. Kb3 Qe3+ 56. Kc4 Kf5 57. Qh8 Qxe5 58. Qh7+ Kg4 59. Qb7 0-1

[Event "III  Wielkopolska  Liga  Seniorow   2013/2014"]
[Site "Wielkopolska "]
[Date "1899-12-30"]
[Round "2.14"]
[White "Dzwikowski, Adam"]
[Black "Hanusek, Sebastian"]
[Result "1-0"]
[WhiteTitle "I+"]
[BlackTitle "I+"]
[WhiteElo "2005"]
[BlackElo "2073"]

1. Nf3 d5 2. g3 Nf6 3. Bg2 e6 4. O-O c5 5. c4 Be7 6. cxd5 Nxd5 7. d4 cxd4 8. Nxd4
O-O 9. Nd2 Nf4 10. gxf4 Qxd4 11. Ne4 Nc6 12. Qc2 e5 13. Ng5 Bxg5 14. fxg5 Qg4
15. Qe4 Qh5 16. Bf3 Qh3 17. Bg2 Qh5 18. Bf3 Qh3 19. Bg2 Qe6 20. Be3 f5 21. gxf6
gxf6 22. Rfd1 f5 23. Qh4 e4 24. Qg3+ Qg6 25. Qxg6+ hxg6 26. Rd6 Kh7 27. Rc1 Rf7
28. Rcd1 Re7 29. Bg5 Re6 30. f3 exf3 31. Bxf3 Ne5 32. h4 Nxf3+ 33. exf3 Kg7 34.
b4 b5 35. a3 a5 36. R1d5 Rxd6 37. Rxd6 axb4 38. axb4 Ra6 39. Rd5 1-0

[Event "III  Wielkopolska  Liga  Seniorow   2013/2014"]
[Site "Wielkopolska "]
[Date "1899-12-30"]
[Round "2.15"]
[White "Wesolowski, Edgar"]
[Black "Sobczak, Miroslaw"]
[Result "0-1"]
[WhiteTitle "I++"]
[BlackTitle "I++"]
[WhiteElo "2001"]
[BlackElo "2000"]

1. c4 Nf6 2. Nc3 e5 3. Nf3 Nc6 4. d4 exd4 5. Nxd4 Bb4 6. Nxc6 Bxc3+ 7. bxc3 bxc6
8. Ba3 d6 9. Qa4 Bd7 10. c5 d5 11. e3 O-O 12. Ba6 Ne4 13. c4 Nxf2 14. Kxf2 Qf6+
15. Ke2 Bg4+ 16. Kd2 Qf2+ 17. Kc3 Qxe3+ 18. Kb4 Qd2+ 19. Kb3 Rfe8 20. Qb4 Rab8
21. Qb7 Re3+ 22. Ka4 Qc2+ 23. Ka5 Rxb7 24. Rhc1 Qd3 0-1

[Event "III  Wielkopolska  Liga  Seniorow   2013/2014"]
[Site "Wielkopolska "]
[Date "1899-12-30"]
[Round "2.16"]
[White "Banach, Szymon"]
[Black "Hanusek, Krzysztof"]
[Result "0-1"]
[WhiteTitle "I+"]
[BlackTitle "I"]
[WhiteElo "1839"]
[BlackElo "1821"]

1. e4 e5 2. Nf3 Nc6 3. Bb5 a6 4. Ba4 Nf6 5. O-O b5 6. Bb3 Be7 7. Re1 d6 8. c3 Bg4
9. h3 Bh5 10. d3 Na5 11. Bc2 c5 12. Nbd2 Qc7 13. Nf1 O-O 14. Ng3 Bg6 15. Nh4 d5
16. Nhf5 Nc6 17. Bg5 d4 18. Bb3 dxc3 19. bxc3 Nd8 20. Nxe7+ Qxe7 21. Bd5 Ra7 22.
c4 Qd6 23. Bxf6 Qxf6 24. Qb3 Qb6 25. Nf5 Ne6 26. Bxe6 fxe6 27. Ne3 b4 28. Rad1
a5 29. Rd2 Qd6 30. a4 Rd7 31. Nc2 Qe7 32. Re3 Qg5 33. Rd1 Bh5 34. Rf1 Rf3 35.
h4 Qg6 36. Qb2 Rxe3 37. fxe3 Qg3 38. d4 exd4 39. exd4 cxd4 40. c5 Qc3 41. Qc1
d3 42. Qf4 Qxc5+ 43. Ne3 h6 44. Qb8+ Kh7 45. Rf8 Qxe3+ 46. Kh2 Rf7 47. Rh8+ Kg6
48. Qg8 Qf4+ 49. Kg1 d2 0-1

[Event "III  Wielkopolska  Liga  Seniorow   2013/2014"]
[Site "Wielkopolska "]
[Date "1899-12-30"]
[Round "2.17"]
[White "Kowalewicz, Kacper"]
[Black "Wisniewski, Emil"]
[Result "1-0"]
[WhiteTitle "II+"]
[BlackTitle "I"]
[WhiteElo "1722"]
[BlackElo "1843"]

1. d4 d5 2. c4 c6 3. Nc3 Nf6 4. cxd5 cxd5 5. Bf4 e6 6. Nf3 Bd6 7. Bxd6 Qxd6 8.
e3 Nc6 9. Bd3 O-O 10. O-O Nb4 11. a3 Nxd3 12. Qxd3 Bd7 13. Ne5 Rfc8 14. Rfc1 Rc7
15. g4 Rac8 16. Qd2 h6 17. f4 Be8 18. g5 hxg5 19. fxg5 Nd7 20. Nxd7 Bxd7 21. Rf1
e5 22. Qg2 Be6 23. Nb5 Qd7 24. Nxc7 Bh3 25. Qxd5 Qg4+ 26. Kh1 Rxc7 27. Rf2 Qc8
28. Rg1 exd4 29. exd4 Be6 30. Qe5 Qd7 31. Re1 Rc8 32. Kg1 Bd5 33. Qf4 Qe6 34.
b4 Qg6 35. Re5 Bc6 36. Qf5 Qxf5 37. Rexf5 Rc7 38. Rc5 Rd7 39. Rd2 Bd5 40. Kf2
b6 41. Rc8+ Kh7 42. h4 g6 43. h5 f6 44. gxf6 Kh6 45. Kg3 Kg5 46. Rf2 Be6 47. Re8
Bf5 48. Re7 Rd8 49. f7 Rf8 50. Rxa7 Kf6 51. Ra6 Rxf7 52. Rxb6+ Kg5 53. d5 Re7
54. d6 Re3+ 55. Rf3 Re1 56. a4 Ra1 57. Kf2 1-0

[Event "III  Wielkopolska  Liga  Seniorow   2013/2014"]
[Site "Wielkopolska "]
[Date "1899-12-30"]
[Round "2.18"]
[White "Szelag, Zuzanna"]
[Black "Wesolowska, Katarzyna"]
[Result "1-0"]
[WhiteTitle "I"]
[BlackTitle "I++"]
[WhiteElo "1516"]
[BlackElo "1692"]

1. e4 e6 2. d4 d5 3. exd5 exd5 4. Nf3 Bd6 5. c4 c6 6. Bd3 Ne7 7. O-O Bg4 8. Nc3
h6 9. Re1 O-O 10. Bd2 Nd7 11. Rc1 Nf6 12. cxd5 Nexd5 13. Ne4 Nxe4 14. Bxe4 Nf6
15. Bc2 Qb6 16. Bc3 Bf4 17. Rb1 Rad8 18. Qd3 c5 19. Rbd1 Qc6 20. b3 c4 21. Qf1
Bxf3 22. gxf3 Rd5 23. Be4 1-0

[Event "III  Wielkopolska  Liga  Seniorow   2013/2014"]
[Site "Wielkopolska "]
[Date "1899-12-30"]
[Round "2.19"]
[White "Bajerlein, Dawid"]
[Black "Zakrzewski, Marek"]
[Result "1-0"]
[WhiteTitle "k"]
[BlackTitle "k"]
[WhiteElo "2086"]
[BlackElo "2166"]

1. d4 Nf6 2. c4 e6 3. Nf3 c5 4. d5 exd5 5. cxd5 d6 6. Nc3 g6 7. e4 a6 8. a4 Bg4
9. Be2 Bxf3 10. Bxf3 Bg7 11. O-O Nbd7 12. a5 O-O 13. Be2 Qe7 14. Re1 Rfe8 15.
f3 Qe5 16. Be3 Nh5 17. Qd2 f5 18. f4 Qf6 19. Bf3 Qf7 20. Kh1 Nhf6 21. exf5 gxf5
22. Bf2 Nf8 23. Na4 Ne4 24. Bxe4 fxe4 25. Nb6 Rad8 26. Ra4 Qf5 27. Qc2 Ng6 28.
Raxe4 Rxe4 29. Rxe4 Rf8 30. g3 Bxb2 31. Qe2 Bg7 32. Re6 Qb1+ 33. Qe1 Qxe1+ 34.
Bxe1 Rd8 35. Nc4 Bf8 36. Bc3 Ne7 37. Bf6 Rd7 38. Bxe7 Bxe7 39. Kg2 Kf7 40. Kf3
Rd8 41. g4 Bf8 42. h4 Be7 43. h5 Bf8 44. g5 Kg8 45. f5 Rd7 46. Kf4 Be7 47. f6
Bf8 48. Kf5 Rd8 49. g6 Bh6 50. Rxd6 Re8 51. Re6 Rd8 52. d6 hxg6+ 53. hxg6 Kf8
54. Re7 Kg8 55. d7 Bf8 56. Rh7 1-0

[Event "III  Wielkopolska  Liga  Seniorow   2013/2014"]
[Site "Wielkopolska "]
[Date "1899-12-30"]
[Round "2.20"]
[White "Ancuta, Adam"]
[Black "Hemmerling, Jaroslaw"]
[Result "1-0"]
[WhiteTitle "I+"]
[BlackTitle "I+"]
[WhiteElo "1961"]
[BlackElo "1989"]

1. e4 e6 2. d4 d5 3. exd5 exd5 4. c4 Nc6 5. Nc3 Bb4 6. Be3 Nf6 7. Bd3 Be6 8. c5
Bxc5 9. dxc5 d4 10. Bxd4 Qxd4 11. Nb5 Qb4+ 12. Kf1 O-O-O 13. Rc1 Ne5 14. a3 Qxb2
15. Rb1 Rxd3 16. Nxa7+ Kd8 17. Qe1 Qc3 18. Rxb7 Bc4 19. Ne2 Qxe1+ 20. Kxe1 Re8
21. f4 Nf3+ 22. gxf3 Rxe2+ 23. Kxe2 Rb3+ 24. Kd2 Rxb7 25. Nc6+ Ke8 26. Na5 Rb2+
27. Kc3 Rf2 28. Kxc4 Rxf3 29. Re1+ Kf8 30. a4 Rxf4+ 31. Kb5 Nd5 32. Kc6 Rxa4 33.
Nb7 Rd4 34. Re5 Nb4+ 35. Kxc7 f6 36. Re2 g5 37. Nd6 Rd5 38. Kb6 h5 39. Re6 Kg7
40. Re4 Nd3 41. Ne8+ Kf7 42. c6 Ne5 43. c7 Nd7+ 44. Kc6 Rd2 45. Nd6+ Kg6 1-0